Responses for Show #781 - Monday, January 18, 1988

Game entered from audiorecording. Missing prizes.

Contestants

[<< previous game]

Jake Edelman, a public affairs director from Eagle Rock, California

Jonathan Santore, a composer and graduate student originally from Greeneville, Tennessee

Bob Bearse, a software quality analyst originally from Chicago, Illinois

[next game >>]

Jeopardy! Round responses

THE HUMAN BODY
TRIVIA
BOWL CITIES
STAMPS & COINS
FURRY CREATURES
AUNTS
    $100 1
the male sex

Jonathan
    $100 12
open them

Bob
    $100 2
Pasadena

Jake
    $100 14
the dime

Jonathan
    $100 11
the teddy bear

Jonathan
    $100 7
Aunt Jemima

Jonathan
    $200 19
skin

Bob
    $200 13
President Reagan

Jake
    $200 3
Miami, Florida

Bob
    $200 23
Queen Elizabeth II

Jonathan
    $200 25
(Alex: And we've got a minute to go in the round.)

fleas

Bob
    $200 8
Aunt Polly

Jake
    $300 20
the diaphragm

Jonathan
    $300 15
the hyena

Jonathan
    $300 4
Dallas, Texas

Jonathan
    $300 24
a commemorative

Jake
    $700 26
(Bob: What are minks and beavers?)

(2 of) mink, chinchilla, nutria & silver fox

Bob
    $300 9
Nancy

Jonathan
    $400 21
the eyelid

Jonathan
    $400 16
Halloween

Jonathan
    $400 5
Atlanta, Georgia

Jonathan
    $400 27
their cheeks (cheek pouches)

Bob
    $400 10
an Aunt Tom

Jake
    $500 22
the teeth

Jonathan
    $500 17
(Jake: Who is Harpo?)

Zeppo

Jake
Triple Stumper
    $500 6
Tempe, Arizona

Jake
    $500 28
[The end-of-round signal sounds.]

the wolverine

Jonathan
    $500 18
Francis Bavier

Jonathan

Scores at the first commercial break (after clue 15):

Bob Jonathan Jake
$300 $1,700 $1,400

Scores at the end of the Jeopardy! Round:

Bob Jonathan Jake
$400 $4,500 $1,200

Double Jeopardy! Round responses

U.S. HISTORY
ASTRONOMY
COOKING UTENSILS
CINEMATIC BATTLES
PEN NAMES
UNCLES
(Alex: And since we did so well with the AUNTS in the first round, we have the [*] in this one.)
    $200 7
Jefferson Davis

Jonathan
    $200 26
away from the Sun

Jonathan
    $200 1
(Jake: What is a sieve?)

a colander

JonathanJake
    $200 24
(Bob: [No response])

Erwin Rommel

BobJonathan
    $200 2
Mozart

Jonathan
    $200 9
(Bob: What is I Spy?)
(Jake: Who is The Man from U.N.C.L.E.?)
(Jonathan: Who is The Woman from U.N.C.L.E.?)
...
(Alex: So no harm, no foul on that one. Each of you lost the same amount of money, but Jake, you get to select again.)

The Girl from U.N.C.L.E.

BobJonathanJake
Triple Stumper
    $400 8
(Bob: [No response])

Pocahontas

BobJake
    $400 27
(Bob: What is Saturn?)
[The end-of-round signal sounds.]

the Earth

Bob
Triple Stumper
    $400 20
(Jake: Uh, what is a... blender?)

food processor

Jake
Triple Stumper
    $400 25
Korea

Bob
    $400 3
Bram Stoker

Jonathan
    $400 10
Uncle Vanya

Jonathan
    $600 14
Mason & Dixon

Bob
    $600 21
a pestle

Jonathan
    $600 17
(Jonathan: What is the London Symphony?)

the London Philharmonic

Jonathan
Triple Stumper
    $600 4
The Bell Jar

Jonathan
    $600 11
"Uncle Albert/Admiral Halsey"

Jonathan
    $800 15
Paul Revere

Jonathan
    $800 22
(Alex: Had some great cakes out of these pans. My mother makes a beautiful tunnel of fudge. We've got about a minute to go in the round.)

a Bundt pan

Jonathan
    $800 18
(Salvador) Allende

Bob
    $800 5
Elmer Rice

Jake
    $800 12
[ERRATUM: The author is H.R. Garis, not J.R. Garis.]

Uncle Wiggily

Triple Stumper
    $1000 16
(Alex: It's now part of the Interior Department.)

the War Department

Jake
    $1000 23
a larding needle

Triple Stumper
    $1000 19
The Battleship Potemkin

Jonathan
    $1000 6
Christopher Fry

Bob
    $1000 13
Uncle Henry

Triple Stumper

Scores at the end of the Double Jeopardy! Round:

Bob Jonathan Jake
$2,000 $9,900 $2,600
(lock game)

[wagering suggestions for these scores]

Final Jeopardy! Round responses

THE WESTERN HEMISPHERE
BobWhat is Mt. McKinley?
$2,000
JakeWhat is Mt. McKinley?
$1,500
JonathanWhat is Mt. McKinley?
$101
Mt. McKinley

Final scores:

Bob Jonathan Jake
$4,000 $10,001 $4,100
3rd place New champion: $10,001 2nd place

Game dynamics:

Coryat scores:

Bob Jonathan Jake
$2,700 $9,900 $2,600
9 R,
5 W
(including 1 DD)
28 R
(including 1 DD),
2 W
9 R,
4 W

Combined Coryat: $15,200

[game clues] [game scores] [suggest correction]

Game tape date: 1987-09-29
The J! Archive is created by fans, for fans. Scraping, republication, monetization, and malicious use prohibited; this site may use cookies and collect identifying information. See terms. The Jeopardy! game show and all elements thereof, including but not limited to copyright and trademark thereto, are the property of Jeopardy Productions, Inc. and are protected under law. This website is not affiliated with, sponsored by, or operated by Jeopardy Productions, Inc. Join the discussion at JBoard.tv.